000 01646nam0a2200337 4500
001 RU\NLR\b_ik\127063
005 20260408200122.0
035 _a(NLR Aleph) 002200491
090 _a3034398
_c3034398
100 _a20050419d2003 u y0rusy50 ca
101 0 _aeng
_drus
102 _aRU
105 _aa |||||||||
200 1 _aModified method for registration of particle deflection by bent crystal
_fS.V. Afanasiev, A.D. Kovalenko, V.N. Kuztnetsov [et al.]
210 _aДубна
_cОбъед. ин-т ядер. исслед.
_d2003
215 _a14 с.
_cил.
_d22
225 1 _aОбъединенный институт ядерных исследований, Дубна
_vЕ1-2003-204
300 _aНа 3-й с. обл.: Модифицированный метод для регистрации отклонения частиц / Афанасьев С.В. и др.
300 _aРез. на рус. яз.
320 _aБиблиогр.: с. 14
517 0 _aМодифицированный метод для регистрации отклонения частиц
606 1 _aЭлементарные частицы
_xОтклонение изогнутыми кристаллами
_92381439
_3RU\NLR\AUTH\661420834
606 _aЧастицы (физ.)
_xОтклонение изогнутыми кристаллами
_3RU\NLR\AUTH\661420835
_92381441
686 4 _aВ386.1
701 1 _aAfanas'ev
_bS. V.
_gSergej Vladimirovič
_4070
701 1 _aKovalenko
_bA. D.
_gAleksandr Dmitrievič
_4070
701 1 _aKuznecov
_bV. N.
_gV.N.
_4070
801 0 _aRU
_bNLR
_c20050419
_gPSBO
942 _cBOOK
980 _aNB